000 00507nam a22002177a 4500
003 UA-OsUOA
001 64569
007 ta
008 20091105b un ||||| |||| 00| 0 ukr d
090 _a94(47+57)
_bП15
942 _cBK
040 _aUA-OsUOA
_brus
_cUA-OsUOA
_dUA-OsUOA
245 _aПамятники Поволжья
300 _a401 с.
955 _a4
041 _arus
080 _a94(47+57)
260 _aМ.
_bСоветская Россия
_c1972
650 7 _2UDC
999 _c350514
_d350514